Visions of The Buddha: (Record no. 194064)
[ view plain ]
| 000 -LEADER | |
|---|---|
| fixed length control field | 00852nam a22002057a 4500 |
| 005 - DATE AND TIME OF LATEST TRANSACTION | |
| control field | 20230328104553.0 |
| 010 ## - LCCN (DPL NO) | |
| LC control number | B-748061-065 E.N.A./7.11.22 |
| 020 ## - INTERNATIONAL STANDARD BOOK NUMBER | |
| International Standard Book Number | 9780197667538 |
| Terms of availability | 995.00 |
| 035 ## - SYSTEM CONTROL NUMBER | |
| System control number | B-748061-065 |
| 037 ## - SOURCE OF ACQUISITION | |
| Source of stock number/acquisition | Uppal |
| 082 ## - DEWEY DECIMAL CLASSIFICATION NUMBER | |
| Classification number | 181.493 |
| 100 ## - MAIN ENTRY--PERSONAL NAME | |
| Personal name | Shulman, Eviatar |
| 245 ## - TITLE STATEMENT | |
| Title | Visions of The Buddha: |
| Remainder of title | Creative Dimensions of Early Buddhist Scripture/ |
| Statement of responsibility, etc | by Eviatar Shulman |
| 260 ## - PUBLICATION, DISTRIBUTION, ETC. (IMPRINT) | |
| Place of publication, distribution, etc | New York |
| Name of publisher, distributor, etc | Oxford university Press |
| Date of publication, distribution, etc | 2021 |
| 270 ## - ADDRESS | |
| Address | 198 Madison Avenue |
| City | New York |
| Postal code | 110016 |
| 300 ## - PHYSICAL DESCRIPTION | |
| Extent | xvii, 255p. |
| Dimensions | 25cm(hbk) |
| 500 ## - GENERAL NOTE | |
| General note | Contains Bibliography and Index |
| 942 ## - ADDED ENTRY ELEMENTS (KOHA) | |
| Source of classification or shelving scheme | Dewey Decimal Classification |
| Item type | English Books |
| Call number suffix | SHU |
| Classification part | 181.493 |
| Withdrawn status | Lost status | Not for loan | Collection code | Home library | Current library | Date acquired | Source of acquisition | Cost, normal purchase price | Full call number | Barcode | Copy number | Cost, replacement price | Koha item type |
|---|---|---|---|---|---|---|---|---|---|---|---|---|---|
| Non-fiction | Ashok Vihar | Ashok Vihar | 28/03/2023 | Uppal Book Store/19311/30.11.22/220/23.11.22/26.12.22 | 995.00 | 181.493 SHU | B-748062 | 1 | 995.00 | English Books | |||
| Non-fiction | Central Library | Central Library | 28/03/2023 | Uppal Book Store/19311/30.11.22/220/23.11.22/26.12.22 | 995.00 | 181.493 SHU | B-748061 | 1 | 995.00 | English Books | |||
| Non-fiction | Patel Nagar | Patel Nagar | 28/03/2023 | Uppal Book Store/19311/30.11.22/220/23.11.22/26.12.22 | 995.00 | 181.493 SHU | B-748063 | 1 | 995.00 | English Books | |||
| Non-fiction | Sarojini Nagar | Sarojini Nagar | 28/03/2023 | Uppal Book Store/19311/30.11.22/220/23.11.22/26.12.22 | 995.00 | 181.493 SHU | B-748064 | 1 | 995.00 | English Books | |||
| Non-fiction | Shahdara Branch | Shahdara Branch | 28/03/2023 | Uppal Book Store/19311/30.11.22/220/23.11.22/26.12.22 | 995.00 | 181.493 SHU | B-748065 | 1 | 995.00 | English Books |
